Music Quiz

Random Music or Lyrics Quiz

'Definitions' In Song Lyrics Quiz Stats

Quiz Updated Mar 31, 2015

Challenge
Share
Tweet
Embed
Score 0/20 Timer 06:00
4 Plays Today
% Correct
freedom
72.2%
war
65.2%
children
63.4%
the ocean
56.1%
love
55.8%
dreams
52.3%
scars
51.3%
life
49.6%
desire
48.8%
philosophy
48.4%
% Correct
fire
46.1%
loneliness
44.1%
the past
41.7%
laughter
40.6%
music
39.1%
time
36.8%
gold
28.6%
heaven
24.9%
no
21.9%
fun
13.9%

You're not logged in!

Compare scores with friends on all Sporcle quizzes.
Sign Up with Email
OR
Log In

You Might Also Like...

Show Comments

Extras

Top Quizzes Today


Score Distribution

Your Account Isn't Verified!

In order to create a playlist on Sporcle, you need to verify the email address you used during registration. Go to your Sporcle Settings to finish the process.